书目信息 |
| 题名: |
俄文三位著者号码表
|
|
| 作者: | 哈芙金娜 编 ;北京图书馆俄文编目组 编 | |
| 分册: | ||
| 出版信息: | 北京 书目文献出版社 1981 |
|
| 页数: | 155页 | |
| 开本: | 19cm | |
| 丛书名: | ||
| 单 册: | ||
| 中图分类: | G254.13 | |
| 科图分类: | ||
| 主题词: | 著者号码表-俄文 , 俄文-著者号码表 , 图书馆学 , 图书馆事业 | |
| 电子资源: | ||
| ISBN: | ||
| 000 | 00867nam0 2200289 45 | |
| 001 | 0181007599 | |
| 005 | 20040425154015.5 | |
| 010 | @b精装@dCNY2.10 | |
| 091 | @a7201.24 | |
| 100 | @a19950425d1981 emky0chiy0121 ea | |
| 101 | 1 | @achi@crus |
| 102 | @aCN@b110000 | |
| 105 | @ak o 000yy | |
| 106 | @ar | |
| 200 | 10 | @a俄文三位著者号码表@Ae wen san wei zhu zhe hao ma biao@e兼用两位@f(苏)Л.Б.哈芙金娜编@g北京图书馆俄文编目组译 |
| 210 | @a北京@c书目文献出版社@d1981 | |
| 215 | @a155页@d19cm | |
| 606 | @a著者号码表-俄文 | |
| 606 | @a俄文-著者号码表 | |
| 606 | 0 | @a图书馆学 |
| 606 | 0 | @a图书馆事业 |
| 690 | @aG254.13 | |
| 701 | 1 | @a哈芙金娜@Aha fu jin na@bЛ.Б.@4编 |
| 712 | 02 | @a北京图书馆俄文编目组@Abei jing tu shu guan e wen bian mu zu@4编 |
| 801 | 0 | @aCN@b上海图书馆@c20040425 |
| 801 | 2 | @aCN@bNLC@c20040425 |
| 905 | @f1@b168737@dG254.13@e31 | |
| 俄文三位著者号码表:兼用两位/(苏)Л.Б.哈芙金娜编/北京图书馆俄文编目组译.-北京:书目文献出版社,1981 |
| 155页;19cm |
| ISBN (精装):CNY2.10 |
| ● |
| 相关链接 |
|
|
|
|
正题名:俄文三位著者号码表
索取号:G254.13/31
 
预约/预借
| 序号 | 登录号 | 条形码 | 馆藏地/架位号 | 状态 | 备注 |
| 1 | 0168737 | 000502940 | 密集书库/ [索取号:G254.13/31] | 在馆 | |
| 2 | 0168738 | 000502959 | 第一样本阅览室/ [索取号:G254.13/31] | 在馆 |